000 00837nam a2200265 a 4500
005 20160202095010.0
008 160202b1997 xxu||||| |||| 00| 0 spa d
020 _a0521591392
040 _aCO-BoIAVH
_cCO-BoIAVH
041 _aeng
044 _axxu
082 1 4 _a570.3
_bL73d
090 _aRE
_b00030
100 1 _aLincoln, Roger
245 1 2 _aA dictionary of ecology, evolution and systematics/
_cRoger Lincoln, Geoff Boxshal y Paul Clark
250 _a2 edición.
260 _aCambridge:
_bCambridge University Press,
_c1997.
300 _a361 páginas.
650 1 6 _aEcología
_vdiccionarios
650 1 6 _aEvolución (biología)
_vdiccionarios
650 1 6 _aBiología
_vdiccionarios
_xclasificación
700 1 _aBoxshall, Geoff
700 1 _aClark, Paul
942 _cLIBRO
_2ddc
999 _c4350
_d4350